Language Quiz

Random Language Quiz

Words Ending in Uch Quiz Stats

 Plays Quiz not verified by Sporcle

Also try: 'App' Words
Challenge
Share
Tweet
Embed
Score 0/12 Timer 03:00
0 Plays Today
Clue Word % Correct
There's no _____ thingSuch
93.3%
____ Ado About NothingMuch
93.3%
Exclamation used to express painOuch
86.7%
A habitually grumpy personGrouch
80%
Bag, purse, sack, sacPouch
80%
Stand, move, or sit in a lazy, drooping waySlouch
80%
Sofa, divanCouch
80%
A man who has been castratedEunuch
73.3%
Confirm, affirm, verifyVouch
66.7%
Handle, hold, tapTouch
66.7%
To the extend that; insofar asInasmuch
46.7%
One of the deuterocanonical book of the BibleBaruch
33.3%

You're not logged in!

Compare scores with friends on all Sporcle quizzes.
OR
Log In

You Might Also Like...

Show Comments

Extras

Created Aug 1, 2016ReportNominate
Tags:ending

Top Quizzes Today


Score Distribution

Your Account Isn't Verified!

In order to create a playlist on Sporcle, you need to verify the email address you used during registration. Go to your Sporcle Settings to finish the process.

Report this User

Report this user for behavior that violates our Community Guidelines.

Details: